000 00715nam a2200241Ia 4500
003 OSt
005 20221007071216.0
006 a|||||r|||| 00| 0
007 ta
008 221006b |||||||| |||| 00| 0 eng d
024 _a10,156
037 _cReference Collections
040 _aFLL
_cFLL
_beng
041 _2eng
_aeng
082 _aV73:2:Z, P1
100 _aBrannen D.E. Au.
_9688331
245 0 _aSupreme court drama cases that changed america
260 _aLondon
_bAn imprint of the gale group London
_c2001
300 _a479p
_ccm.
700 _a Hanes R.C. Au.
_9688332
942 _hV73:2:Z, P1
_cREF
_2CC
999 _c1142771
_d1142771